Mixed Word: Four Score Quiz Stats

 Plays Quiz Updated Feb 23, 2012

Support Sporcle.
Go Orange.
Score 0/20 Timer 04:00
0 Plays Today
Hint Word % Correct
State NamesMaine
98.4%
State NamesColorado
98%
Candy BarsTwix
98%
State NamesKansas
96.9%
VegetablesPeas
96.8%
Candy BarsMilky Way
96.3%
VegetablesCarrot
95.9%
Body PartsElbow/Bowel
95.6%
VegetablesBroccoli
94.6%
Body PartsBrain
93.7%
Hint Word % Correct
State NamesMinnesota
93.6%
Candy BarsBaby Ruth
93.5%
State NamesMontana
93.2%
Body PartsWrist
93.2%
VegetablesCelery
92.7%
VegetablesAsparagus
89.5%
Body PartsAnkle
83%
Candy BarsSnickers
82.3%
Body PartsShoulder
79.3%
Candy BarsMounds
72%

You're not logged in!

Compare scores with friends on all Sporcle quizzes.
OR
Log In

From the Vault

'K' American History

by william2

Because history is better when it's alphabetically ordered.
Remove Ads.
Support Sporcle.
Get the best of Sporcle when you Go Orange. This ad-free experience offers more features, more stats, and more fun while also helping to support Sporcle. Thank you for becoming a member.

Show Comments

Extras

Top Quizzes Today


Score Distribution

Your Account Isn't Verified!

In order to create a playlist on Sporcle, you need to verify the email address you used during registration. Go to your Sporcle Settings to finish the process.

Report this User

Report this user for behavior that violates our Community Guidelines.

Details: